Music Quiz

Random Music or Billboard Quiz

Quick Pick: Almost 'ill' Song Titles Quiz Stats

 Plays Quiz not verified by Sporcle

Score 0/12 Timer 01:30
0 Plays Today
% Correct
Kill
98.5%
Jill
98%
Thrill
97.5%
Still
97.5%
Will
97.5%
Fill
96.1%
Hill
95.6%
Spill
94.1%
Till
92.6%
Pill
88.7%
Grill
80.9%
Bill
74.5%

You're not logged in!

Compare scores with friends on all Sporcle quizzes.
OR
Log In

Sporcle TV

Today on Sporcle TV


Watch our educational content, quiz creation guides, and fun videos on Sporcle TV.

Show Comments

Extras

Top Quizzes Today


Score Distribution

Your Account Isn't Verified!

In order to create a playlist on Sporcle, you need to verify the email address you used during registration. Go to your Sporcle Settings to finish the process.

Report this User

Report this user for behavior that violates our Community Guidelines.

Details: